A treatise on electricity and magnetism / (Record no. 16636)

MARC details
000 -LEADER
fixed length control field 01595cam a2200373 ia4500
001 - CONTROL NUMBER
control field 1687426
003 - CONTROL NUMBER IDENTIFIER
control field EG-ScBUE
005 - DATE AND TIME OF LATEST TRANSACTION
control field 20250622090739.0
008 - FIXED-LENGTH DATA ELEMENTS--GENERAL INFORMATION
fixed length control field 990203s2010 enkaf f b 001 0 eng d
020 ## - INTERNATIONAL STANDARD BOOK NUMBER
International Standard Book Number 1108014038 (volume 1)
020 ## - INTERNATIONAL STANDARD BOOK NUMBER
International Standard Book Number 9781108014038 (volume 1)
020 ## - INTERNATIONAL STANDARD BOOK NUMBER
International Standard Book Number 1108014046 (volume 2)
020 ## - INTERNATIONAL STANDARD BOOK NUMBER
International Standard Book Number 9781108014045 (volume 2)
040 ## - CATALOGING SOURCE
Original cataloging agency EG-ScBUE
Language of cataloging eng
Description conventions rda
Transcribing agency EG-ScBUE
Modifying agency EG-ScBUE
082 04 - DEWEY DECIMAL CLASSIFICATION NUMBER
Classification number 537
Edition number 22
Item number MAX
100 1# - MAIN ENTRY--PERSONAL NAME
Personal name Maxwell, James Clerk,
Dates associated with a name 1831-1879,
9 (RLIN) 29599
Relator term author.
245 12 - TITLE STATEMENT
Title A treatise on electricity and magnetism /
Statement of responsibility, etc by James Clerk Maxwell, M.A., LLD. EDIN., F.R.SS. London & Edinburgh, Honorary Fellow of Trinity College, and professor of experimental physics in the University of Cambridge.
264 #1 - PUBLICATION, DISTRIBUTION, ETC. (IMPRINT)
Place of publication, distribution, etc Cambridge :
Name of publisher, distributor, etc Cambridge University Press,
Date of publication, distribution, etc 2010.
300 ## - PHYSICAL DESCRIPTION
Extent 2 volumes :
Other physical details illustrations, plates ;
Dimensions 24 cm.
336 ## - CONTENT TYPE
Source rdacontent
Content type term text
Content type code txt
337 ## - MEDIA TYPE
Media type term unmediated
Source rdamedia
Media type code n
338 ## - CARRIER TYPE
Carrier type term volume
Carrier type code nc
Source rdacarrier
490 0# - SERIES STATEMENT
Series statement Cambridge library collection
500 ## - GENERAL NOTE
General note Originally published:Oxford : Clarendon Press, 1873, in series: Clarendon Press series.
504 ## - BIBLIOGRAPHY, ETC. NOTE
Bibliography, etc Includes bibliographical references and index.
650 #7 - SUBJECT ADDED ENTRY--TOPICAL TERM
Topical term or geographic name as entry element Electricity.
9 (RLIN) 29600
Source of heading or term BUEsh
650 #7 - SUBJECT ADDED ENTRY--TOPICAL TERM
Topical term or geographic name as entry element Magnetism.
9 (RLIN) 29601
Source of heading or term BUEsh
653 ## - INDEX TERM--UNCONTROLLED
Arrived date list April2012
655 ## - INDEX TERM--GENRE/FORM
Form subdivision Reading book
856 42 - ELECTRONIC LOCATION AND ACCESS
Materials specified Publisher description
Uniform Resource Identifier <a href="http://www.loc.gov/catdir/enhancements/fy0606/99169144-d.html">http://www.loc.gov/catdir/enhancements/fy0606/99169144-d.html</a>
856 41 - ELECTRONIC LOCATION AND ACCESS
Materials specified Table of contents only
Uniform Resource Identifier <a href="http://www.loc.gov/catdir/enhancements/fy0606/99169144-t.html">http://www.loc.gov/catdir/enhancements/fy0606/99169144-t.html</a>
942 ## - ADDED ENTRY ELEMENTS (KOHA)
Source of classification or shelving scheme Dewey Decimal Classification
Koha item type Book - Borrowing
Holdings
Withdrawn status Lost status Source of classification or shelving scheme Damaged status Not for loan Collection code Home library Current library Shelving location Date acquired Source of acquisition Total Checkouts Total Renewals Full call number Barcode Date last seen Date checked out Koha item type Public note
    Dewey Decimal Classification     Baccah Central Library Central Library First floor 10/04/2012 Purchase 1 1 537 MAX 000025937 15/07/2025 11/04/2012 Book - Borrowing Vol.1
    Dewey Decimal Classification     Baccah Central Library Central Library First floor 10/04/2012 Purchase 1 1 537 MAX 000025936 15/07/2025 11/04/2012 Book - Borrowing Vol.2